00819nam a2200217Ia 4500008004100000020001800041100002300059245006700082250002200149300005600171650016600227700002300393264002700416336002700443337003300470338002800503040003500531084001200566942000800578999001500586161108s9999 xx 000 0 und d a9789569330223 aRomero, Bernardita aMamá, {BF}qué se mueve ahí dentro? /c Bernardita Romero aPrimera edición a[20] páginas :b ilustraciones en color ;c 13 cm aPoesia Chilena - Siglo Xxi / Literatura Chilena - Siglo Xxi / Autoras Chilenas / Embarazo - Libros De Imagenes / Poesia Infantil Chilena / Desde Los 3 A{Aelig}Os aRomero, Bernardita a[Santiago] :b Amanuta atextobtxt2rdacontent asin mediaciónbn2rdamedia avolumenbnc2rdacarrier aCO-BoRNBPbspaerdacCO-BoRNBP aP ROM16 2loc c7414d7414